Fool if you think it's over (Record no. 76891)

MARC details
000 -LEADER
fixed length control field 01069cab a2200205 4500
001 - CONTROL NUMBER
control field ##L133256
008 - FIXED-LENGTH DATA ELEMENTS--GENERAL INFORMATION
fixed length control field 060424n2006 000 0 eng u
035 ## - SYSTEM CONTROL NUMBER
System control number (Sirsi) u133256
041 0# - LANGUAGE CODE
Language code of text/sound track or separate title eng
100 1# - MAIN ENTRY--PERSONAL NAME
Personal name Barnes, Rachel
245 00 - TITLE STATEMENT
Title Fool if you think it's over
260 ## - PUBLICATION, DISTRIBUTION, ETC.
Date of publication, distribution, etc. 2006
490 #0 - SERIES STATEMENT
Series statement Building
Volume/sequential designation 271(8427) 21 April 2006, 69(1)
520 ## - SUMMARY, ETC.
Summary, etc. Warns that consultants and contractors are not necessarily immune from legal liability once the original client has transferred their interest in a property. The benefit of a building contract can be assigned to a new owner, who can then sue the contractor as if it had been the employer under that contract. The benefit of a claim for a latent defect can be assigned, regardless of the fact that the seller has recovered their loss through the sale.
590 ## - LOCAL NOTE (RLIN)
Local note IKA250406
650 24 - SUBJECT ADDED ENTRY--TOPICAL TERM
Topical term or geographic name entry element LINDEN GARDENS TRUST V LENESTA SLUDGE DISPOSALS
650 24 - SUBJECT ADDED ENTRY--TOPICAL TERM
Topical term or geographic name entry element ST MARTINS PROPERTY CORPORATION LTD V SIR ROBERT MCALPINE AND SONS LTD
690 ## - LOCAL SUBJECT ADDED ENTRY--TOPICAL TERM (OCLC, RLIN)
Topical term or geographic name as entry element MANAGEMENT-DISPUTE AVOIDANCE, MANAGEMENT AND RESOLUTION
942 ## - ADDED ENTRY ELEMENTS (KOHA)
Suppress in OPAC 0
Holdings
Withdrawn status Lost status Source of classification or shelving scheme Damaged status Not for loan Home library Current library Shelving location Date acquired Total Checkouts Full call number Barcode Date last seen Copy number Price effective from Koha item type
    Dewey Decimal Classification     London London Journal article 24/04/2006   L133256 133256-1001 06/08/2019 1 06/08/2019 Journal article